Detalles MARC
| 000 -LIDER |
| fixed length control field |
00880nam a2200265 a 4500 |
| 001 - NÚMERO DE CONTROL |
| Identificador de número de control |
000027862 |
| 003 - IDENTIFICACDOR DE NÚMERO DE CONTROL |
| control field |
DO-SdBNP |
| 005 - DATE AND TIME OF LATEST TRANSACTION |
| control field |
20180409101303.0 |
| 007 - CAMPOS FIJOS DE DESCRIPCIÓN FÍSICA |
| fixed length control field |
000027862 |
| 008 - ELEMENTOS DE LONGITUD FIJA |
| fixed length control field |
100127s2001 dr 000 0 spa d |
| 040 ## - FUENTE DE CATALOGACIÓN |
| Agencia que crea de manera original el registro |
BPMSU |
| Idioma de catalogación |
spa |
| Agencia que realiza la transcripción |
BPMSU |
| 049 ## - LOCAL HOLDINGS (OCLC) |
| Holding library |
BNPD |
| 092 ## - LOCALLY ASSIGNED DEWEY DECIMAL CALL NUMBER |
| Número de clasificación |
xxx |
| Número de ítem (Cutter) |
xxx |
| 110 ## - ASIENTO PRINCIPAL--NOMBRE CORPORATIVO |
| Término de relación |
Universidad Autónoma de Santo Domingo |
| 245 00 - MENCIÓN DE TITULO |
| Título |
Estatuto Orgánico de la Universidad Autónoma de Santo Domingo |
| 260 ## - PUBLICACIÓN, DISTRIBUCIÓN, ETC. (PIE DE IMPRENTA) |
| Lugar de publicación, distribución, etc |
Santo Domingo : |
| Nombre del editor, distribuidor, etc. |
UASD, |
| Fecha de publicación, distribución, etc |
2001 |
| 300 ## - DESCRIPCIÓN FÍSICA |
| Extensión |
74 p. ; |
| Dimensiones |
23 cm. |
| 490 1# - MENCIÓN DE SERIES |
| Mención de serie |
Publicaciones de la Universidad Autónoma de Santo Domingo |
| Volume/sequential designation |
1029 |
| 710 2# - ASIENTO SECUNDARIO -- NOMBRE CORPORATIVO |
| Nombre corporativo o de jurisdicción |
Universidad Autónoma de Santo Domingo |
| 830 #0 - ASIENTO SECUNDARIO DE SERIE--TÍTULO UNIFORME |
| Título uniforme |
Publicaciones de la Universidad Autónoma de Santo Domingo |
| Número de la parte o sección de una obra |
1029 |
| 942 ## - ADDED ENTRY ELEMENTS (KOHA) |
| Source of classification or shelving scheme |
Dewey Decimal Classification |
| Koha item type |
Materiales visuales |
| 945 ## - INFORMACIÓN DE PROCESAMIENTO LOCAL |
| Información de procesamiento local |
Remanejado para la BNPHU / BT |
| 956 ## - LOCAL ELECTRONIC LOCATION AND ACCESS (OCLC) |
| Nombre de host |
IGARCIA |
| Número de acceso |
10 |
| Información de compresión |
20110405 |
| Inicio de sesión |
BND01 |
| Procesador de solicitud |
1110 |
| 956 ## - LOCAL ELECTRONIC LOCATION AND ACCESS (OCLC) |
| Nombre de host |
VMATEO |
| Número de acceso |
10 |
| Información de compresión |
20110418 |
| Inicio de sesión |
BND01 |
| Procesador de solicitud |
1432 |